Building faster in Britain, conference held at St. Edmund Hall, Oxford 18 -19 September 1982. Conference co-chairman D.W.H Skinner, A.C. Sidwell (Record no. 85479)

MARC details
000 -LEADER
fixed length control field 00545cam a2200181 4500
001 - CONTROL NUMBER
control field D6293
008 - FIXED-LENGTH DATA ELEMENTS--GENERAL INFORMATION
fixed length control field 090401t1983 xxu||||| |||| 00| 0 eng d
035 ## - SYSTEM CONTROL NUMBER
System control number (Sirsi) u30
041 ## - LANGUAGE CODE
Language code of text/sound track or separate title eng
050 ## - LIBRARY OF CONGRESS CALL NUMBER
Classification number 690
110 ## - MAIN ENTRY--CORPORATE NAME
Corporate name or jurisdiction name as entry element Junior Liason Organisation
9 (RLIN) 2938
245 ## - TITLE STATEMENT
Title Building faster in Britain, conference held at St. Edmund Hall, Oxford 18 -19 September 1982. Conference co-chairman D.W.H Skinner, A.C. Sidwell
260 ## - PUBLICATION, DISTRIBUTION, ETC.
Place of publication, distribution, etc. London
Name of publisher, distributor, etc. Ove Arup and Partners
Date of publication, distribution, etc. 1983
300 ## - PHYSICAL DESCRIPTION
Extent 62p. 29cm
350 ## - PRICE (NR) (BK AM CF MU VM SE) [OBSOLETE]
Price 0
942 ## - ADDED ENTRY ELEMENTS (KOHA)
Suppress in OPAC 0
948 ## - LOCAL PROCESSING INFORMATION (OCLC); SERIES PART DESIGNATOR (RLIN)
c (OCLC) 04/03/1997
Holdings
Withdrawn status Lost status Source of classification or shelving scheme Damaged status Not for loan Home library Current library Shelving location Date acquired Total Checkouts Full call number Barcode Date last seen Copy number Price effective from Koha item type
    Dewey Decimal Classification     London London Basement 14/09/1999   SHELF 202 30007112 06/08/2019 1 06/08/2019 Book